000 00238nam a2200097Ia 4500
001 729275
005 20250826163524.0
008 250824s9999 xx 000 0 und d
245 0 _aÇOCUK PADİŞAH 1
_cM.HALUK YELMEN
260 _bBU YAYINEVİ
999 _c729275
_d729275